000
00212nam a22000857a 4500
008
170117b xxu||||| |||| 00| 0 eng d
100
_9
2457
_a
Verma.A.K
245
_a
Political Science -XI
260
_a
New Delhi
_b
VK
_c
2012
999
_c
5516
_d
5516